Normal view
MARC view
- Paal, Jamil Ahmad
Entry Personal Name
001 - CONTROL NUMBER
- control field: 15977
003 - CONTROL NUMBER IDENTIFIER
- control field: NUST
005 - DATE AND TIME OF LATEST TRANSACTION
- control field: 20190628112326.0
008 - FIXED-LENGTH DATA ELEMENTS
- fixed length control field: 190628|| aca||aabn | a|a d
040 ## - CATALOGING SOURCE
- Original cataloging agency: NUST
- Transcribing agency: NUST
100 ## - HEADING--PERSONAL NAME
- Personal name: Paal, Jamil Ahmad
670 ## - SOURCE DATA FOUND
- Source citation: Work cat.: (NUST): Paal, Jamil Ahmad, Punjabi kalaseeki lught /, 1995.
